[Event "14eme open"]
[Site "Louviers"]
[Round "5"]
[Date "2011.06.13"]
[White "Grenet, Dominique"]
[Black "Baron, Romuald"]
[Result "1/2"]
[WhiteElo "1540"]
[BlackElo "1974"]
[PlyCount "138"]

1. e4 c5 2. c3 d5 3. exd5 Qxd5 4. Nf3 Nc6 5. Be2 e5 6. O-O e4 7. Ne1 Bd6 8. g3
Bh3 9. Ng2 h5 10. Re1 Bxg2 11. Kxg2 h4 12. Bf3 Ne5 13. Qa4+ Kf8 14. Qxe4 Qe6
15. Be2 hxg3 16. fxg3 Qh3+ 17. Kf2 Nf6 18. Qxb7 Neg4+ 19. Bxg4 Nxg4+ 20. Kf3
Nxh2+ 21. Ke2 Qg4+ 22. Kd3 c4+ 23. Kc2 Rb8 24. Qd5 Qxg3 25. b3 Nf3 26. Re3 Qg6+
27. Kb2 Ne5 28. Rxe5 Bxe5 29. Qxe5 Qb6 30. Qd5 cxb3 31. axb3 Rh5 32. Qc4 Rc5
33. Qb4 Qxb4 34. cxb4 Rf5 35. Rxa7 g5 36. Ra5 Rbb5 37. Rxb5 Rxb5 38. Ka3 f5 39.
d4 f4 40. Nc3 Rb7 41. Ne4 Ra7+ 42. Kb2 Rg7 43. Kc2 f3 44. Be3 Rc7+ 45. Kd3 g4
46. Bf4 Rb7 47. Bd6+ (47. Ke3 Ke7 48. Kf2 Ra7 49. Kg3 Ra3 50. Kxg4 Rxb3 51.
Bd6+ Ke8 52. Kg3) 47... Kf7 48. Bc5 Kg6 49. Ng3 Kg5 50. d5 Kh4 51. Nf5+ Kh3 52.
Ke3 Rf7 53. Ke4 g3 54. Nxg3 Kxg3 55. d6 f2 56. Bxf2+ Rxf2 57. Kd5 Kf4 58. b5
Kf5 59. b6 Rd2+ 60. Kc6 Ke6 61. b7 Rxd6+ 62. Kc7 Rd7+ 63. Kc6 Rd6+ 64. Kc7 Rd7+
65. Kc8 Ke7 66. b8=Q Rd8+ 67. Kc7 Rxb8 68. Kxb8 Kd6 69. Kb7 Kc5 1/2-1/2

[Event "14eme open"]
[Site "Louviers"]
[Round "5"]
[Date "2011.06.13"]
[White "Guillaumat, Jean-Pierre"]
[Black "Fischer, Jean-Claude"]
[Result "1/2"]
[WhiteElo "1887"]
[BlackElo "1909"]
[PlyCount "63"]

1. d4 g6 2. c4 Nf6 3. Nc3 Bg7 4. e4 d6 5. Nf3 Bg4 6. Be2 Nbd7 7. O-O O-O 8. Be3
c5 9. h3 Bxf3 10. Bxf3 cxd4 11. Bxd4 a6 12. Qd2 Rc8 13. b3 Ne8 14. Bxg7 Kxg7
15. e5 Rb8 16. exd6 Nxd6 {(=)} 17. Rfe1 Nf6 18. Nd5 Nxd5 19. Qxd5 Kg8 20. Rad1
b6 21. Qe5 Qc8 22. Qxe7 Nf5 23. Qe5 Ng7 24. Bd5 b5 25. Qf6 Nh5 26. Qf3 Rb6 27.
Qg4 Qc7 28. Re3 Nf6 29. Qd4 Nxd5 30. cxd5 Rd6 {(=)} 31. Rde1 Qd8 32. Rd1
1/2-1/2

[Event "14eme open"]
[Site "Louviers"]
[Round "5"]
[Date "2011.06.13"]
[White "Richet, Clement"]
[Black "Andrieu, Philippe"]
[Result "1-0"]
[WhiteElo "1907"]
[BlackElo "1922"]
[PlyCount "111"]

1. d4 d5 2. c4 Nc6 3. Nc3 dxc4 4. Nf3 Bg4 5. d5 Bxf3 6. exf3 Ne5 7. Bf4 Qd6 8.
Qa4+ Kd8 9. Bxe5 Qxe5+ 10. Be2 Nf6 11. O-O e6 12. dxe6 Bd6 13. e7+ Kxe7 14. g3
Rhd8 15. Rfe1 Kf8 16. Bxc4 Qh5 17. Kg2 Bc5 18. Re2 Re8 19. Rae1 Rxe2 20. Rxe2
c6 21. Qd1 b5 22. Bb3 a5 23. a4 b4 24. Ne4 Nxe4 25. Rxe4 Re8 26. Qd7 Rxe4 27.
fxe4 g5 28. Qxc6 g4 29. Qf6 Kg8 30. Bd1 Bf8 31. Qf4 Bg7 32. Bxg4 Qc5 33. b3 h5
34. Be2 Qe7 35. Bxh5 Qe6 36. Bxf7+ Qxf7 37. Qxf7+ Kxf7 38. f4 Ke6 39. Kf3 Bd4
40. f5+ Ke5 41. g4 Bg1 42. h4 Kd4 43. f6 Kc3 44. g5 Bc5 45. g6 Kxb3 46. g7 Kxa4
47. g8=Q b3 48. Qc4+ Bb4 49. f7 Ka3 50. Qxb4+ axb4 51. f8=Q b2 52. Qa8+ Kb3 53.
Qd5+ Ka3 54. Qd1 Ka2 55. Qa4+ Kb1 56. Qxb4 1-0

[Event "14eme open"]
[Site "Louviers"]
[Round "5"]
[Date "2011.06.13"]
[White "Arinal, Serge"]
[Black "Houriez, Philippe"]
[Result "1-0"]
[WhiteElo "1700"]
[BlackElo "1660"]
[PlyCount "122"]

1. Nf3 d5 2. c4 e6 3. Nc3 Nf6 4. e3 b6 5. Be2 Bb7 6. O-O Be7 7. b3 O-O 8. Bb2
Nbd7 9. Rc1 Rc8 10. cxd5 Nxd5 11. Nd4 c5 12. Nxd5 Bxd5 13. Nb5 a6 14. Nc3 Bb7
15. Bf3 Bxf3 16. Qxf3 Bf6 17. Rc2 Ne5 18. Qe2 Nd3 19. Ba1 Nb4 20. Rcc1 Bxc3 21.
dxc3 Nd5 22. Rfd1 Qe7 23. c4 Nb4 24. Qb2 f6 25. Qe2 Rfd8 26. a3 Nc6 27. Qg4 e5
28. h4 Na5 29. Rc3 Rxd1+ 30. Qxd1 Rd8 31. Rd3 Rxd3 32. Qxd3 Qe6 33. e4 Nb7 34.
a4 Qd6 35. Qf3 Na5 36. Kh2 Nc6 37. Bc3 Nd4 38. Qd1 Qe6 39. a5 Qc6 40. f3 b5 41.
h5 b4 42. Be1 Qc7 43. f4 exf4 44. Bf2 Qe5 45. Qg4 f5 46. Qg5 Kf7 47. Qd8 fxe4
48. Qd7+ Qe7 49. Qd5+ Qe6 50. Qb7+ Kf6 51. Bh4+ Kf5 52. Qxg7 e3 53. Qxh7+ Kg4
54. Be1 f3 55. Qg7+ Kxh5 56. Qh7+ Kg5 57. Qh4+ Kg6 58. Qg3+ Kf5 59. Qh3+ Ke4
60. Qh7+ Qf5 61. Qb7+ Kd3 1-0

[Event "14eme open"]
[Site "Louviers"]
[Round "5"]
[Date "2011.06.13"]
[White "Lerdu, Gaspard"]
[Black "Simonin, Joseph"]
[Result "0-1"]
[WhiteElo "1310"]
[BlackElo "1590"]
[PlyCount "82"]

1. e4 c5 2. Nc3 d6 3. Nf3 Nc6 4. Bc4 g6 5. d4 cxd4 6. Nxd4 Bg7 7. Nxc6 bxc6 8.
O-O Rb8 9. Be3 Rxb2 10. Bxa7 Bxc3 11. Bd4 Bxd4 12. Qxd4 Nf6 13. Qxb2 O-O 14.
Rad1 Nxe4 15. Rd4 Nf6 16. Re1 Bf5 17. Bd3 Bxd3 18. cxd3 Qc7 19. Rc4 Qd7 20. Qb6
c5 21. d4 Qg4 22. h3 Qh4 23. dxc5 Qxc4 24. Rxe7 Nd5 25. Qxd6 Nxe7 26. Qxe7 Rc8
27. a4 Qxc5 28. Qh4 Qb6 29. Qh6 Re8 30. Qc1 Qb4 31. Qc2 Qf4 32. Qd1 Ra8 33. g3
Qxa4 34. Kg2 Qe4+ 35. f3 Qa4 36. h4 Qxd1 37. Kh3 Qh1+ 38. Kg4 Ra4+ 39. Kg5 h6+
40. Kxh6 Rxh4+ 41. gxh4 Qxh4# 0-1

[Event "14eme open"]
[Site "Louviers"]
[Round "5"]
[Date "2011.06.13"]
[White "Broustet, Pierre"]
[Black "Dunand, Damien"]
[Result "1-0"]
[WhiteElo "1790"]
[BlackElo "1740"]
[PlyCount "63"]

1. e4 Nf6 2. e5 Nd5 3. d4 d6 4. c4 Nb6 5. Nf3 dxe5 6. Nxe5 g6 7. Be3 Bg7 8. Nc3
O-O 9. Qd2 Bf5 10. O-O-O N8d7 11. Nf3 Nf6 12. Nh4 Qc8 13. Nxf5 Qxf5 14. Bd3 Qd7
15. f3 Rad8 16. b3 c6 17. g4 Nc8 18. h4 e6 19. h5 Ne7 20. Bc2 Qc7 21. Bh6 Rd7
22. Bxg7 Kxg7 23. hxg6 Nxg6 24. Qh6+ Kg8 25. g5 Qf4+ 26. Kb1 Rfd8 27. gxf6 Qxh6
28. Rxh6 Rxd4 29. Rdh1 Rf4 30. Bxg6 fxg6 31. Rxh7 Rd3 32. Rg7+ 1-0

[Event "14eme open"]
[Site "Louviers"]
[Round "5"]
[Date "2011.06.13"]
[White "Rousselin, Marc"]
[Black "Varigault, Nicole"]
[Result "1-0"]
[WhiteElo "1625"]
[BlackElo "1240"]
[PlyCount "85"]

1. e4 e5 2. Nf3 Nc6 3. Bb5 Bd6 4. O-O Nge7 5. c3 O-O 6. d4 a6 7. Ba4 b5 8. Bc2
Ng6 9. Re1 Nce7 10. Be3 c6 11. Nbd2 Bb7 12. Nf1 Rc8 13. Ng3 Nf4 14. dxe5 Bxe5
15. Nxe5 Neg6 16. Nxd7 Re8 17. Nc5 Ba8 18. Qxd8 Rcxd8 19. Rad1 a5 20. Rd4 Ne6
21. Nxe6 fxe6 22. Red1 Rxd4 23. Rxd4 Kf7 24. Rd6 Ne5 25. b3 Ke7 26. Bc5 Nd7 27.
b4 axb4 28. cxb4 Bb7 29. Bb3 Nxc5 30. bxc5 g6 31. Rxe6+ Kd7 32. Rxe8 Kxe8 33.
f4 Ke7 34. Kf2 Kf6 35. e5+ Ke7 36. Ne4 b4 37. Ke3 Bc8 38. h3 Be6 39. Bxe6 Kxe6
40. Ng5+ Kd5 41. e6 Kxc5 42. e7 Kc4 43. e8=Q 1-0

[Event "14eme open"]
[Site "Louviers"]
[Round "5"]
[Date "2011.06.13"]
[White "Vappereau, Xavier"]
[Black "Klipper, Noemie"]
[Result "0-1"]
[WhiteElo "1710"]
[BlackElo "1916"]
[PlyCount "70"]

1. d4 c5 2. d5 e6 3. dxe6 fxe6 4. e4 Nc6 5. g3 Nf6 6. Bg2 d5 7. exd5 exd5 8.
Nc3 d4 9. Ne4 Qe7 10. Qe2 Nxe4 11. Qxe4 Bf5 12. Qxe7+ Bxe7 13. c3 O-O-O 14. Bh3
Bxh3 15. Nxh3 Bf6 16. Bg5 Bxg5 17. Nxg5 Rhe8+ 18. Kf1 h6 19. Nf3 dxc3 20. bxc3
Rd3 21. Kg2 Rxc3 22. Rhe1 Rf8 23. Ng1 Rc2 24. Re2 Rxe2 25. Nxe2 Rd8 26. f4 a6
27. a4 b5 28. axb5 axb5 29. Ra8+ Kc7 30. Rxd8 Nxd8 31. Kf1 b4 32. Ke1 c4 33.
Kd2 Kb6 34. Nd4 Kc5 35. Ne2 Ne6 0-1

[Event "14eme open"]
[Site "Louviers"]
[Round "5"]
[Date "2011.06.13"]
[White "Petitjeans, Simon"]
[Black "Gagneux, Michel"]
[Result "1-0"]
[WhiteElo "1680"]
[BlackElo "1620"]
[PlyCount "75"]

1. e4 c5 2. c3 d5 3. exd5 Qxd5 4. d4 Nc6 5. Nf3 Nf6 6. Be2 e6 7. O-O Be7 8. Be3
cxd4 9. cxd4 O-O 10. Nc3 Qd8 11. Qc2 a6 12. Rad1 Nd5 13. Bc1 Bd7 14. Qb1 Rc8
15. Rfe1 Ncb4 16. Bd2 Nxc3 17. bxc3 Nd5 18. c4 Nc7 19. Qxb7 Rb8 20. Qe4 Rb2 21.
Ra1 Ba4 22. Bd3 f5 23. Qe3 Bf6 24. Bc3 Rb6 25. Rab1 Rc6 26. Rb4 Bb5 27. a4 Nd5
28. cxd5 Rxc3 29. axb5 Qa5 30. Rc4 axb5 31. Rxc3 Qxc3 32. Qxe6+ Kh8 33. Bxb5
Bxd4 34. Nxd4 Qxd4 35. d6 Qb4 36. Qe7 Rg8 37. Be8 Qd2 38. Bf7 1-0

[Event "14eme open"]
[Site "Louviers"]
[Round "5"]
[Date "2011.06.13"]
[White "Hatton, Christian"]
[Black "Daurelle, Herve"]
[Result "0-1"]
[WhiteElo "1875"]
[BlackElo "2273"]
[PlyCount "84"]

1. d4 Nf6 2. c4 e6 3. Nf3 c5 4. d5 exd5 5. cxd5 d6 6. Nc3 g6 7. Bf4 a6 8. g3 b5
9. Bg2 Bg7 10. Nd2 O-O 11. O-O Nh5 12. Be3 f5 13. f4 Nd7 14. Qc2 Ndf6 15. a4
Ng4 16. Rf3 Nxe3 17. Rxe3 Bd4 18. Nd1 Re8 19. Qd3 Bd7 20. Kf1 Bxe3 21. Nxe3 Qf6
22. axb5 axb5 23. Rxa8 Rxa8 24. Qc2 Qd4 25. Qc3 Qxc3 26. bxc3 Ra1+ 27. Kf2 Rc1
28. Nef1 Nf6 29. e4 fxe4 30. Nxe4 Nxe4+ 31. Bxe4 Rxc3 32. Ne3 Ra3 33. g4 Ra2+
34. Kg3 Re2 35. Kf3 Rxh2 36. f5 Kg7 37. Kf4 c4 38. g5 gxf5 39. Bxf5 Rf2+ 40.
Ke4 Bxf5+ 41. Nxf5+ Rxf5 42. Kxf5 Kf7 0-1

[Event "14eme open"]
[Site "Louviers"]
[Round "5"]
[Date "2011.06.13"]
[White "Victor, Daniel"]
[Black "Roche, Jean-Francois"]
[Result "1-0"]
[WhiteElo "1930"]
[BlackElo "1564"]
[PlyCount "77"]

1. d4 f5 2. Nf3 Nf6 3. g3 g6 4. Bg2 Bg7 5. O-O O-O 6. c4 d6 7. d5 Qe8 8. Nc3 a5
9. Qc2 Na6 10. a3 Nc5 11. Be3 Na6 12. Ng5 e5 13. dxe6 c6 14. Rad1 Bxe6 15. Nxe6
Qxe6 16. b3 Nc7 17. Bf4 Nce8 18. Rfe1 Nh5 19. Be3 f4 20. Bd4 Bxd4 21. Rxd4 fxg3
22. hxg3 Nxg3 23. e4 Qf6 24. Rd3 Nh5 25. Rf3 Qe7 26. Rxf8+ Qxf8 27. Ne2 Nef6
28. Ng3 Nf4 29. Qd2 Nxg2 30. Kxg2 Ng4 31. f3 Ne5 32. f4 Nf7 33. f5 Ne5 34. Rf1
Qe7 35. f6 Qe6 36. Qh6 Qf7 37. Qg5 a4 38. Nf5 Rd8 39. Nh6+ 1-0

[Event "14eme open"]
[Site "Louviers"]
[Round "5"]
[Date "2011.06.13"]
[White "Josse, Sebastien"]
[Black "Vigneron, Frederic"]
[Result "1-0"]
[WhiteElo "1815"]
[BlackElo "1922"]
[PlyCount "109"]

1. c4 Nf6 2. Nc3 d5 3. cxd5 Nxd5 4. e4 Nxc3 5. bxc3 e5 6. d4 exd4 7. Nf3 d3 8.
Bxd3 Be7 9. O-O Bg4 10. Qa4+ Qd7 11. Bb5 c6 12. Be2 Bxf3 13. Bxf3 Na6 14. Qd4
Qxd4 15. cxd4 Nb4 16. Rd1 O-O-O 17. Bf4 h5 18. d5 g5 19. Bg3 Rh6 20. h3 f5 21.
exf5 Nxd5 22. Bxd5 Rxd5 23. Rxd5 cxd5 24. Be5 Bf6 25. f4 gxf4 26. Rc1+ Kd8 27.
Bc7+ Kd7 28. Bxf4 Bd4+ 29. Kh2 Ra6 30. Rc7+ Ke8 31. Rxb7 Rxa2 32. Rb5 Rf2 33.
Kg3 h4+ 34. Kg4 Rxg2+ 35. Kxh4 Bf6+ 36. Kh5 d4 37. Rb8+ Kf7 38. Rb7+ Kg8 39.
Rxa7 d3 40. Rd7 Rf2 41. Kg6 Rxf4 42. Kxf6 Rf3 43. h4 Rh3 44. Rd4 d2 45. Rxd2
Rxh4 46. Rd8+ Kh7 47. Kf7 Re4 48. Rd6 Re1 49. f6 Re2 50. Kf8 Re3 51. f7 Re2 52.
Rf6 Re3 53. Rf2 Ra3 54. Rh2+ Kg6 55. Kg8 1-0

[Event "14eme open"]
[Site "Louviers"]
[Round "5"]
[Date "2011.06.13"]
[White "Voegele, Francois-Marie"]
[Black "Vieren-Hamelet, Richard"]
[Result "1-0"]
[WhiteElo "1110"]
[BlackElo "1499"]
[PlyCount "117"]

1. e4 Nf6 2. d3 e5 3. f4 Nc6 4. Nf3 d5 5. Nc3 Bc5 6. Qe2 d4 7. fxe5 dxc3 8.
exf6 Qxf6 9. Rb1 O-O 10. bxc3 Qxc3+ 11. Qd2 Qf6 12. Qe2 b6 13. Be3 Bg4 14. Qf2
Bxf3 15. gxf3 Bxe3 16. Qxe3 Ne5 17. Be2 Ng6 18. d4 Rfd8 19. c3 Nf4 20. Qf2 c5
21. Rd1 Rd7 22. Bb5 Nh3 23. Qe3 Qh4+ 24. Kd2 cxd4 25. cxd4 Re7 26. Qe1 Qf4+ 27.
Qe3 Qxe3+ 28. Kxe3 Rc8 29. Rb1 Rc3+ 30. Bd3 Ng5 31. e5 f6 32. f4 Nh3 33. a4
fxe5 34. fxe5 Rf7 35. Rhf1 Ng5 36. Rxf7 Nxf7 37. Rb5 Ng5 38. Rd5 Rc1 39. Rd8+
Kf7 40. Rd7+ Ke6 41. Rxg7 Re1+ 42. Be2 a6 43. Rxg5 b5 44. axb5 axb5 45. Kd3 b4
46. d5+ Kxd5 47. Bf3+ Kc5 48. e6+ Kd6 49. Bg4 b3 50. Rb5 Rb1 51. Rb6+ Kc5 52.
Rb8 Rg1 53. Rc8+ Kb4 54. Rb8+ Ka3 55. Ra8+ Kb2 56. e7 Rxg4 57. e8=Q Rg1 58.
Qe2+ Kc1 59. Ra1# 1-0

[Event "14eme open"]
[Site "Louviers"]
[Round "5"]
[Date "2011.06.13"]
[White "Debray, Christopher"]
[Black "Boursier, Xavier"]
[Result "1-0"]
[WhiteElo "2376"]
[BlackElo "2004"]
[PlyCount "123"]

1. e4 e6 2. d4 d5 3. Nd2 Nf6 4. e5 Nfd7 5. f4 c5 6. c3 Nc6 7. Ndf3 Qb6 8. a3 a5
9. b3 Be7 10. h4 cxd4 11. cxd4 f6 12. Bd3 Ndb8 13. Qc2 Na6 14. Bb2 Bd7 15. Bxh7
f5 16. Bg6+ Kf8 17. Kf2 Rc8 18. Qd1 Rh6 19. h5 Qd8 20. Nh3 Kg8 21. Nhg5 Be8 22.
Nxe6 Qd7 23. Neg5 Nc7 24. Qd3 Bxg6 25. hxg6 Rxg6 26. e6 Rxe6 27. Nxe6 Qxe6 28.
Rae1 Qf6 29. Ng5 Qg6 30. Qh3 Bxg5 31. fxg5 Kf7 32. Qh5 Qxh5 33. Rxh5 Kg6 34.
Rh3 Kxg5 35. b4 axb4 36. axb4 Nxb4 37. Re7 Kf6 38. Rd7 Ne6 39. Ba3 Rc2+ 40. Kg1
Nc6 41. Rxb7 Ncxd4 42. Bb2 Rxb2 43. Rxb2 Nf4 44. Rb6+ Nfe6 45. Rd3 Kg5 46. Kf2
f4 47. Rb4 Nf5 48. Rxd5 Kg4 49. Rb6 Ng5 50. Rg6 Kh5 51. Rxf5 Kxg6 52. Rxf4 Ne6
53. Rb4 Kf5 54. Kg3 Ke5 55. Kg4 Kf6 56. Rb6 Ke5 57. Rb5+ Kf6 58. Rb6 Ke5 59. g3
Kf6 60. Kh5 Kf5 61. g4+ Ke5 62. Kg6 1-0

[Event "14eme open"]
[Site "Louviers"]
[Round "6"]
[Date "2011.06.13"]
[White "Gagneux, Michel"]
[Black "Voegele, Francois-Marie"]
[Result "1-0"]
[WhiteElo "1620"]
[BlackElo "1110"]
[PlyCount "129"]

1. Nf3 d5 2. d4 e6 3. Bf4 c5 4. e3 Nc6 5. c3 Bd7 6. Bd3 Nf6 7. O-O Be7 8. Nbd2
O-O 9. Re1 Qb6 10. Qc2 Rfe8 11. e4 dxe4 12. Nxe4 Nxe4 13. Bxe4 g6 14. Rad1 cxd4
15. cxd4 Rad8 16. Be3 Qa6 17. a3 Bf6 18. h3 Na5 19. Bg5 Bxg5 20. Nxg5 Qc4 21.
Qb1 Qb5 22. d5 exd5 23. Rxd5 Qb6 24. b4 Nc4 25. Qd3 Qa6 26. Rxd7 Ne5 27. Qxa6
bxa6 28. Rxd8 Rxd8 29. Bc2 h6 30. Bb3 hxg5 31. Rxe5 Rd3 32. Bc4 Rxa3 33. Rxg5
Kg7 34. Rg4 Ra1+ 35. Kh2 a5 36. b5 a4 37. Rd4 a3 38. Rd7 Kf6 39. Rxf7+ Kg5 40.
Rxa7 Kf5 41. b6 Ke4 42. b7 Rb1 43. Rxa3 Rxb7 44. Bd3+ Kd4 45. f3 Rg7 46. Be4
Ke5 47. Ra5+ Kf6 48. g4 Rd7 49. Kg3 Rd1 50. Ra6+ Kg5 51. h4+ Kh6 52. Rxg6+ Kh7
53. Rd6+ Kg7 54. Rxd1 Kf6 55. Rd5 Ke6 56. Kf4 Kf6 57. g5+ Ke6 58. g6 Kf6 59.
Rd6+ Kg7 60. Kg5 Kf8 61. Bc6 Kg7 62. Rd7+ Kf8 63. g7+ Kg8 64. Bd5+ Kh7 65.
g8=Q# 1-0

[Event "14eme open"]
[Site "Louviers"]
[Round "6"]
[Date "2011.06.13"]
[White "Vieren-Hamelet, Richard"]
[Black "Lerdu, Gaspard"]
[Result "0-1"]
[WhiteElo "1499"]
[BlackElo "1310"]
[PlyCount "40"]

1. e4 e5 2. Nf3 d5 3. d4 dxe4 4. Ng5 exd4 5. c3 e3 6. fxe3 Qxg5 7. cxd4 Bg4 8.
Be2 Bxe2 9. Qxe2 Bb4+ 10. Nc3 Nc6 11. a3 Qh4+ 12. g3 Qe4 13. Rf1 Bxc3+ 14. bxc3
O-O-O 15. Rf4 Qe6 16. e4 Nf6 17. Qd3 Ne5 18. Rf5 Nxd3+ 19. Kd2 Nxc1 20. Rxc1
Nxe4+ 0-1

[Event "14eme open"]
[Site "Louviers"]
[Round "6"]
[Date "2011.06.13"]
[White "Simonin, Joseph"]
[Black "Varigault, Nicole"]
[Result "1-0"]
[WhiteElo "1590"]
[BlackElo "1240"]
[PlyCount "53"]

1. e4 e5 2. Nf3 Nc6 3. Bc4 Nh6 4. d3 Bc5 5. O-O O-O 6. Bxh6 Qf6 7. Bg5 Qg6 8.
Nc3 h6 9. Bh4 d6 10. Bg3 Bg4 11. Nd5 Bb6 12. Bb5 Nd4 13. Ne7+ Kh7 14. Nxg6 Nxb5
15. Nxf8+ Rxf8 16. Ng5+ hxg5 17. Qxg4 f6 18. Qd7 Nd4 19. Qe7 Ne2+ 20. Kh1 Nxg3+
21. fxg3 Kg8 22. h4 gxh4 23. gxh4 Rf7 24. Qe6 Bd4 25. g4 Be3 26. g5 Bf4 27. g6
1-0

[Event "14eme open"]
[Site "Louviers"]
[Round "6"]
[Date "2011.06.13"]
[White "Bonte, Gerard"]
[Black "Rousselin, Marc"]
[Result "1/2"]
[WhiteElo "1550"]
[BlackElo "1625"]
[PlyCount "67"]

1. c4 c6 2. d4 d5 3. cxd5 cxd5 4. Nf3 Nc6 5. e3 Nf6 6. Nc3 e6 7. a3 Be7 8. Bd3
Bd7 9. Bd2 a6 10. O-O Rc8 11. Rc1 O-O 12. b4 b5 13. Qe2 Re8 14. Rc2 Bf8 15.
Rfc1 g6 16. Qf1 Bg7 17. Ne5 Nxe5 18. dxe5 Ng4 19. f4 f5 20. h3 Nh6 21. Ne2 Qb6
22. Kh2 Nf7 23. Qf3 Rxc2 24. Rxc2 Rc8 25. Bc3 Qd8 26. Bd4 Rxc2 27. Bxc2 g5 28.
g3 Nh6 29. g4 gxf4 30. exf4 fxg4 31. hxg4 Qh4+ 32. Qh3 Nxg4+ 33. Kg2 Qxh3+ 34.
Kxh3 1/2-1/2

[Event "14eme open"]
[Site "Louviers"]
[Round "6"]
[Date "2011.06.13"]
[White "Boursier, Xavier"]
[Black "Guillaumat, Jean-Pierre"]
[Result "1/2"]
[WhiteElo "2004"]
[BlackElo "1887"]
[PlyCount "28"]

1. e4 c5 2. c3 Nf6 3. e5 Nd5 4. d4 cxd4 5. Nf3 e6 6. cxd4 Nc6 7. Nc3 d6 8. Bb5
a6 9. Bxc6+ bxc6 10. O-O Nxc3 11. bxc3 d5 12. Qc2 Be7 13. Be3 O-O 14. g3 a5
1/2-1/2

[Event "14eme open"]
[Site "Louviers"]
[Round "6"]
[Date "2011.06.13"]
[White "Broustet, Pierre"]
[Black "Victor, Daniel"]
[Result "1-0"]
[WhiteElo "1790"]
[BlackElo "1930"]
[PlyCount "51"]

1. e4 c6 2. d4 d5 3. Nc3 dxe4 4. Nxe4 Nd7 5. Nf3 Ndf6 6. Ng3 e6 7. Bd3 c5 8.
O-O a6 9. c3 cxd4 10. Nxd4 Bd6 11. Re1 Ne7 12. Nh5 Nxh5 13. Qxh5 e5 14. Nf3 g6
15. Qg5 O-O 16. Nxe5 Bxe5 17. Qxe5 Nc6 18. Qg3 Qf6 19. Bg5 Qg7 20. Qf4 h5 21.
Bh6 Qh7 22. Bxf8 Kxf8 23. Qd6+ Kg7 24. Re8 Rb8 25. Qf8+ Kf6 26. Rxc8 1-0

[Event "14eme open"]
[Site "Louviers"]
[Round "6"]
[Date "2011.06.13"]
[White "Vigneron, Frederic"]
[Black "Andrieu, Philippe"]
[Result "1-0"]
[WhiteElo "1929"]
[BlackElo "1922"]
[PlyCount "47"]

1. d4 d5 2. c4 Nc6 3. Nc3 dxc4 4. d5 Ne5 5. g3 Nf6 6. Bg2 Rb8 7. Qa4+ b5 8.
Qxa7 Bf5 9. Bf4 Nfd7 10. Nf3 f6 11. Nd4 b4 12. Ncb5 Bg6 13. Nxc7+ Kf7 14. Nc6
Nxc6 15. dxc6 Nb6 16. Rd1 Qc8 17. Nd5 Ra8 18. Nxb6 Rxa7 19. Nxc8 Rxa2 20. Bd5+
e6 21. Bxc4 Rxb2 22. Rd7+ Ke8 23. O-O e5 24. Rfd1 1-0

[Event "14eme open"]
[Site "Louviers"]
[Round "6"]
[Date "2011.06.13"]
[White "Debray, Christopher"]
[Black "Richet, Clement"]
[Result "1-0"]
[WhiteElo "2376"]
[BlackElo "1907"]
[PlyCount "67"]

1. d4 d5 2. c4 e6 3. Nc3 Nf6 4. Bg5 c6 5. e3 Nbd7 6. Qc2 Be7 7. cxd5 exd5 8.
Bd3 O-O 9. Nge2 b6 10. O-O-O Ng4 11. Bxe7 Qxe7 12. Ng3 b5 13. Nf5 Qd8 14. f3
Ngf6 15. g4 Nb6 16. h4 Bxf5 17. gxf5 Nc4 18. Bxc4 bxc4 19. e4 Re8 20. e5 Nd7
21. Rdg1 Kf8 22. Rg4 c5 23. Rhg1 cxd4 24. Rxg7 Nxe5 25. Qg2 Nd3+ 26. Kd1 Re1+
27. Rxe1 Nxe1 28. Kxe1 Qf6 29. Rg5 dxc3 30. bxc3 Qxc3+ 31. Kf1 Re8 32. Qf2 Qc1+
33. Kg2 c3 34. Qc5+ 1-0

[Event "14eme open"]
[Site "Louviers"]
[Round "6"]
[Date "2011.06.13"]
[White "Klipper, Noemie"]
[Black "Hatton, Christian"]
[Result "1-0"]
[WhiteElo "1916"]
[BlackElo "1875"]
[PlyCount "71"]

1. d4 Nf6 2. c4 e6 3. Nc3 d5 4. Nf3 Nbd7 5. cxd5 exd5 6. Bf4 c6 7. e3 Be7 8.
Bd3 O-O 9. Qc2 Re8 10. h3 Nf8 11. O-O-O b5 12. Ne5 Bb7 13. Rdg1 Ne6 14. g4 g6
15. h4 a6 16. Bh6 c5 17. h5 g5 18. Bxh7+ Nxh7 19. Nxf7 Nef8 20. Nxd8 Raxd8 21.
Bxf8 Nxf8 22. h6 cxd4 23. exd4 b4 24. h7+ Kh8 25. Qf5 Nd7 26. Nd1 Rf8 27. Qe6
Bf6 28. Rh6 Bxd4 29. Rg6 Rc8+ 30. Kd2 Nf6 31. Rg8+ Rxg8 32. hxg8=Q+ Rxg8 33.
Rh1+ Nh7 34. Qd7 Rg7 35. Qd8+ Rg8 36. Qc7 1-0

[Event "14eme open"]
[Site "Louviers"]
[Round "6"]
[Date "2011.06.13"]
[White "Baron, Romuald"]
[Black "Vappereau, Xavier"]
[Result "1-0"]
[WhiteElo "1914"]
[BlackElo "1710"]
[PlyCount "43"]

1. e4 e6 2. d4 d5 3. Nc3 Bb4 4. e5 c5 5. a3 Bxc3+ 6. bxc3 Nc6 7. Qg4 Nge7 8.
Qxg7 Rg8 9. Qxh7 cxd4 10. Nf3 Qa5 11. Rb1 dxc3 12. Bb5 Bd7 13. O-O O-O-O 14.
Bg5 Rh8 15. Qd3 Rde8 16. Bf6 Rhg8 17. Ng5 Nxe5 18. Bxe5 Rxg5 19. Bxd7+ Kxd7 20.
Rxb7+ Kc8 21. Bxc3 Qxa3 22. Qb5 1-0

[Event "14eme open"]
[Site "Louviers"]
[Round "6"]
[Date "2011.06.13"]
[White "Roche, Jean-Francois"]
[Black "Arinal, Serge"]
[Result "0-1"]
[WhiteElo "1564"]
[BlackElo "1700"]
[PlyCount "84"]

1. f4 e6 2. Nf3 Nf6 3. e3 b6 4. Be2 Bb7 5. O-O c5 6. b3 Na6 7. c4 Nc7 8. Bb2
Be7 9. Nc3 O-O 10. h3 d5 11. Ne5 Nd7 12. d4 Nxe5 13. fxe5 dxc4 14. bxc4 Bh4 15.
Bf3 Rb8 16. Bxb7 Rxb7 17. Qf3 Rb8 18. Ne4 cxd4 19. exd4 Ne8 20. Rad1 f5 21. Ba3
Be7 22. Bxe7 Qxe7 23. Ng3 g6 24. Ne2 Rc8 25. Rc1 Qb4 26. Nf4 Ng7 27. Qd3 g5 28.
Ne2 Rfd8 29. d5 Qc5+ 30. Kh1 exd5 31. cxd5 Qe7 32. e6 Rxc1 33. Rxc1 Nxe6 34.
Qxf5 Nc5 35. Nd4 Rf8 36. Qg4 Qe3 37. Rd1 Nd3 38. Qe6+ Qxe6 39. Nxe6 Nf2+ 40.
Kg1 Nxd1 41. Nxf8 Kxf8 42. Kf1 Ne3+ 0-1

[Event "14eme open"]
[Site "Louviers"]
[Round "6"]
[Date "2011.06.13"]
[White "Daurelle, Herve"]
[Black "Fischer, Jean-Claude"]
[Result "1-0"]
[WhiteElo "2273"]
[BlackElo "1909"]
[PlyCount "71"]

1. e4 c5 2. Nf3 Nc6 3. d4 cxd4 4. Nxd4 Nf6 5. Nc3 d6 6. Bg5 e6 7. Qd2 Be7 8.
O-O-O a6 9. f4 Bd7 10. Nf3 h6 11. Bxf6 gxf6 12. Kb1 b5 13. f5 e5 14. Nd5 Qb8
15. Qf2 b4 16. Qg3 Kf8 17. Bc4 Na5 18. Nd2 Bc6 19. Bb3 Ra7 20. Nc4 Nxc4 21.
Bxc4 a5 22. Rd2 Rd7 23. Rhd1 a4 24. Rd3 Bxd5 25. Bxd5 a3 26. bxa3 bxa3+ 27. Rb3
Qa7 28. Rxa3 Qc5 29. Rc3 Qb4+ 30. Rb3 Qc5 31. Rb8+ Rd8 32. Rb7 Rc8 33. Qb3 Rh7
34. Kb2 Rg7 35. g3 Rc7 36. Rb5 1-0

[Event "14eme open"]
[Site "Louviers"]
[Round "6"]
[Date "2011.06.13"]
[White "Houriez, Philippe"]
[Black "Josse, Sebastien"]
[Result "0-1"]
[WhiteElo "1660"]
[BlackElo "1815"]
[PlyCount "70"]

1. e4 c5 2. b3 e6 3. Bb2 Nf6 4. Nc3 Nc6 5. Nf3 d5 6. exd5 exd5 7. Bb5 Qc7 8. h3
Be7 9. O-O a6 10. Bxc6+ Qxc6 11. Re1 Be6 12. Ne2 O-O 13. Nf4 Bd6 14. Nxe6 fxe6
15. Qe2 Rae8 16. Be5 b5 17. Bxd6 Qxd6 18. d3 e5 19. Nd2 e4 20. dxe4 Nxe4 21.
Nxe4 Rxe4 22. Qd3 Qe5 23. Red1 d4 24. g3 Re3 25. Qd2 Re2 26. f4 Qe4 27. Qxe2
Qxe2 28. Re1 Qxc2 29. Rac1 Qd2 30. Red1 Qe3+ 31. Kf1 Qf3+ 32. Kg1 Rf5 33. Re1
h6 34. Rf1 Qxg3+ 35. Kh1 Rh5 0-1

[Event "14eme open"]
[Site "Louviers"]
[Round "6"]
[Date "2011.06.13"]
[White "Grenet, Dominique"]
[Black "Petitjeans, Simon"]
[Result "0-1"]
[WhiteElo "1510"]
[BlackElo "1680"]
[PlyCount "114"]

1. e4 c5 2. c3 g6 3. Nf3 Bg7 4. d3 Nc6 5. Nbd2 d6 6. Be2 Nf6 7. O-O O-O 8. Re1
Qc7 9. Nf1 d5 10. exd5 Nxd5 11. Bd2 Bf5 12. Ng3 Bd7 13. Rb1 a5 14. a3 Rad8 15.
Qc1 Rfe8 16. c4 Nf6 17. Bf4 Qc8 18. Ne5 Nd4 19. Nxd7 Nxe2+ 20. Nxe2 Rxd7 21.
Qc2 Red8 22. Red1 Ne8 23. Be3 Nd6 24. Nf4 Nf5 25. Nd5 Qc6 26. b4 Nxe3 27. Nxe3
axb4 28. axb4 b6 29. b5 Qb7 30. Qe2 e6 31. Rb3 Qb8 32. Ra3 h5 33. g3 Be5 34.
Ng2 Bd4 35. Nh4 Kg7 36. Nf3 Bf6 37. Ne1 h4 38. g4 Qf4 39. h3 e5 40. Qf3 Rd4 41.
Qxf4 Rxf4 42. Kg2 Rxc4 43. dxc4 Rxd1 44. Kf1 e4 45. Ke2 Rc1 46. Ra4 Bc3 47. Ng2
Bb4 48. Ke3 Rxc4 49. Ra2 Rc3+ 50. Kxe4 Rxh3 51. Kd5 Rd3+ 52. Kc6 h3 53. Nf4 h2
54. Nxd3 h1=Q+ 55. Kxb6 Qb1 56. Nxb4 cxb4 57. Ra4 b3 0-1